| 000 | 00691cam a2200241 a 4500 | ||
|---|---|---|---|
| 001 | 2929172 | ||
| 005 | 20180109073554.0 | ||
| 008 | 921215s1990 cau b 001 0 eng d | ||
| 010 | _a 89081177 | ||
| 020 | _a0155808400 | ||
| 035 | _a(OCoLC)21413482 | ||
| 040 |
_aMBE _cMBE _dOrLgE _dDLC |
||
| 041 | _aeng | ||
| 042 | _alccopycat | ||
| 080 | _a821 | ||
| 082 | _2821 RIG | ||
| 100 | _a21 | ||
| 101 | _aGJL | ||
| 245 | 0 | 4 |
_aThe Shape of this century : _cDiana Wyllie Rigden, Susan S. Waugh. |
| 906 |
_a7 _bcbc _ccopycat _d4 _eopcn _f19 _gy-gencatlg |
||
| 942 |
_2ddc _cBK |
||
| 999 |
_c39914 _d39914 |
||